01277nam a22002411a 450000500170000000800410001702000180005804000250007604100080010104400070010908200190011610000290013524501550016426000410031930000650036050000390042550400420046450503910050665000400089765000360093770000300097370000320100320150813144539.0150520b2014 ck 000 0dspa d a9789587401783 aCO-BoIAVHcCO-BoIAVH0 aspa ack 4a641.3361bR17v1 aRamírez Durán, Julio10aVariedades de caña de azúcar empleadas para la agroindustria panelera de Colombia / cJulio Ramírez Durán, Orlando Insuasty Burbano... [et al]3 bCorpoica.aBarbosa(Colombia):c2014. a116 p.bilustraciones, fotografías, color, tablas.c24 cm. aIncluye lista de tablas y figuras. aIncluye referencias bibliográficas. aAspectos generales de las localidades de estudio en las regiones paneleras de Colombia. Criterios básicos del proceso de evaluación y adaptación de nuevas variedades de caña de azúcar. Descripción de variedades de caña para producción de panela validadas en cinco regiones paneleras del país. Descripción de nuevas variedades de caña promisorias para producción. 6aCaña de azúcarxInvestigaciones 6aCaña de azúcarxTaxonomía1 aInsuatsy Burbano, Orlando1 aMurcia Pardo, Magda Liliana